000 00252 a2200109 4500
999 _c328115
_d328115
001 93042
003 NUST
005 20180120134915.0
008 180120b xxu||||| |||| 00| 0 eng d
082 _a940.53 CHU
100 _aChurchill, W.S
_98959
245 _aSecond World War
_hEnglish
260 _bCassell
_c1955
942 _aNUST-CAE
_cBK
_cBK
_k940.53 CHU
_2ddc